Oswald Balzer

Titel: Oswald Balzer : życie i dzieła ; (1858 - 1933) / Przemysław Da̧bkowski
Verfasser:
Veröffentlicht: Lwów : Nakł. Towarzystwa Nauk. we Lwowie, 1934
Umfang: 236 S. : Ill., graph. Darst.
Format: Buch
Sprache: Polnisch
Schlagworte:
Kein Bild verfügbar
X
Lokale Klassifikation: 2 B 516
alg: 10538881
001A    $03004:03-07-02 
001B    $01999:10-05-21 $t18:07:43.000 
001C    $03004:18-02-10 $t13:13:35.000 
001D    $03004:03-07-02 
001U    $0utf8 
001X    $00 
002@    $0Aau 
003@    $0105388815 
003O    $0473095531 $aOCoLC 
007A    $0105388815 $aHEB 
007T    $0Herdhh105388815 
010@    $apol 
011@    $a1934 
013H    $0h 
021A    $aOswald Balzer $dżycie i dzieła ; (1858 - 1933) $hPrzemysław Da̧bkowski 
028A    $7 $8Da̜bkowski, Przemysław [Tnx] $9162937512 
033A    $pLwów $nNakł. Towarzystwa Nauk. we Lwowie 
034D    $a236 S. 
034M    $aIll., graph. Darst. 
044K    $#Balʹcer, Osvalʹd $#Balzer, Oswald M. $#Balzer, Oswald Marian $#Balzer, Oswald Marjan $#Balzer, Osvaldus $#Balzer, Osv. $7116046953 $8Balzer, Oswald$Z1858-1933 [Tp1] $9086828444 
045F    $a929.09438 $eDDC23BSB 
045F/01 $a929 
045F/03 $g438 
046M    $aLiteraturverz. S. 215 - 221 

lok: 10538881 24
101B    $005-12-02 $t18:45:26.599 
101C    $003-07-02 
145Z/01 $a2 B 516 
101U    $0utf8 

exp: 10538881 24 1 #EPN
201B/01 $017-06-20 $t13:49:16.000 
201C/01 $003-07-02 
201U/01 $0utf8 
203@/01 $0172440866 
208@/01 $a03-07-02 $br 
209A/01 $a2 B 516 $du $f050 $h2 B 516 $x00 
209A/01 $aBestand Publikationsstelle Berlin-Dahlem $x01 
209C/01 $aP 3335 $hP 3335 
209G/01 $a70513501 $x00 
220D/01 $aVorbesitzer: Vorbesitzer: Raczyński Bibliothek; Publikationsstelle Berlin-Dahlem. - Stempel: Biblioteka Publ: Zakładu Ed: Hr. Raczyńskiego; Stempel: Bücherei der Publikationsstelle; Exlibris: Biblioteka Raczyńskich;  Etikett: Biblioteka Raczyńskich; Zugangsnummer: Publikationsstelle Berlin-Dahlem: 1022/42 
237A/01 $aEx libris: Biblioteka Raczyńskich 
244Z/01 $#Publikationsstelle Berlin-Dahlem $7121760-4 $8--Tb1--Preußisches Geheimes Staatsarchiv$bPublikationsstelle $x80 $9040715051 
244Z/01 $#Biblioteka Raczyńskich w Poznaniu $#Bibl. Racz. $#Biblioteka Publiczna stoł. m. Poznania $#BRP $#Öffentliche Städtische Raczynski-Bibliothek $#Raczyńskibibliothek $#Raczyński-Bibliothek $#Raczyński Bibliothek $#Städt. Raczynski Bibliothek $#Städtische Raczynski Bibliothek $#Raczyński Library $71220733-0 $8--Tb1--Biblioteka Raczyńskich $x81 $9042427029 
244Z/01 $aStempel $x99 
244Z/01 $aZugangsnummer $x99 
244Z/01 $aExlibris $x99 
244Z/01 $aEtikett $x99 
247C/01 $8358050-7 Marburg, Bibliothek des Herder-Instituts Marburg $9102600961 

lok: 10538881 25

exp: 10538881 25 1 #EPN
201B/01 $030-12-25 $t12:51:12.000 
201C/01 $012-03-03 
201U/01 $0utf8 
203@/01 $0181520419 
208@/01 $a12-03-03 $br 
209A/01 $aMea 1910 $dd $f092 $x00 
209C/01 $a15997/69 
209G/01 $a71027213 $x00 
209G/01 $aOsteuropäische Geschichte $x01 
247C/01 $8651092-9 <77/092>Mainz, Universität Mainz, Bereichsbibliothek Philosophicum, Standort Osteuropäische Geschichte $9102600414 

lok: 10538881 78

exp: 10538881 78 1 #EPN
201B/01 $019-04-17 $t19:01:59.000 
201U/01 $0utf8 
203@/01 $0794227112 
208@/01 $a12-11-16 $be 
209A/01 $a/ $f000 $x00 
237A/01 $aweiterführende Signatur(en): Herder-Institut: 2 B 516 
244Z/01 $2Trx $#Poola $#Lenkija $#Polija $#Polen Land $#Poland $#Lengyelország $#Poľsko $#Polsko $8--Trx--Polska$gkraj $x01 $9391345966 
244Z/01 $aGeschichte 1858-1933 $x02 
244Z/01 $2Trx $#Balzer, Oswald Marian $8--Trx--Balzer, Oswald$Z1858-1933 $x03 $9391085662 
244Z/01 $2Trx $#ajaloolased $#istorikai $#historians $#történészek $#historycy $#historici $#historici $8--Trx--Historiker $x04 $9391373544 
244Z/01 $2Trx $#teisės istorikai $#legal historians $#historycy prawa $#právní historikové $8--Trx--Rechtshistoriker $x05 $9391383043 
244Z/01 $2Trx $8--Trx--Monographie $x06 $9391384546 
244Z/01 $2Trx $#biograafiad $#biografijos $#biography $#életrajzok $#biografia $#biografie $#biografie $8--Trx--Biographie $x07 $9391352938 
245Z/01 $a12.03 $x01 
247C/01 $82080>Marburg/Lahn, Herder-Institut, Forschungsbibliothek, Bibliographieportal $9336309341
LEADER 00000cam a2200000 c 4500
001 105388815
003 DE-603
005 20210510180743.0
007 tu
008 020703s1934 xx |||| | u00||u|pol c
035 |a (DE-599)HEB105388815 
035 |a (OCoLC)473095531 
040 |a DE-603  |b ger  |c DE-603  |d DE-603 
041 |a pol 
082 0 4 |8 1\u  |a 929.09438  |q DE-101  |2 23/BSB 
085 |8 1\u  |b 929 
085 |8 1\u  |z 2  |s 438 
100 1 |a Da̜bkowski, Przemysław  |0 (DE-603)162937512 
245 0 0 |a Oswald Balzer  |b życie i dzieła ; (1858 - 1933)  |c Przemysław Da̧bkowski 
264 1 |a Lwów  |b Nakł. Towarzystwa Nauk. we Lwowie  |c 1934 
300 |a 236 S.  |b Ill., graph. Darst. 
504 |a Literaturverz. S. 215 - 221 
600 1 7 |a Balzer, Oswald  |d 1858-1933  |0 (DE-588)116046953  |0 (DE-603)086828444  |2 gnd 
924 0 |9 Mb 50  |a (DE-603)172440866  |b DE-Mb50  |c HES  |d c  |g 2 B 516 
924 0 |9 77/092  |a (DE-603)181520419  |b DE-77-092  |c HES  |d d  |g Mea 1910 
924 0 |9 2080  |a (DE-603)794227112  |b DE-2080  |c HES  |d d  |g /